000 00578nmm a2200169Ia 4500
008 251105s9999||||xx |||||||||||||||||und||
020 _a9788427715530
041 _aspa
100 _aBartolomé Pina, Margarita
245 0 _aConstrucción de una ciudadanía intercultural y responsable. Guía para el profesorado de Secundaria
264 _a[Madrid, España] :
_bNarcea Ediciones,
_c2007
300 _a180 páginas
490 _aMateriales 12-16 para Educación Secundaria
650 _aEducation
856 _uhttps://public.digitaliapublishing.com/a/28942
942 _cCF
999 _c80687
_d80687